Score 0/20 Timer 03:00
3 Plays Today
No. Object % Correct
Pencil
98.8%
Watch
97.1%
Key
95.9%
Tape dispenser
94.9%
Toothbrush
94.2%
Stapler
93.7%
Scissors
93.6%
Zipper
93.1%
Lightbulb Filament
92.9%
Electrical Outlet
92.6%
No. Object % Correct
Plunger
92.3%
Glue bottle
91.4%
Paper Clip
89.1%
Screw
88.7%
Fork
88%
Button
82.7%
Coat Hanger
76.8%
Push Pin
75.8%
Envelope
63.6%
Tire Pressure Gauge
44.2%
Remove Ads.
Support Sporcle.
Get the best of Sporcle when you Go Orange. This ad-free experience offers more features, more stats, and more fun while also helping to support Sporcle. Thank you for becoming a member.

You're not logged in!

Compare scores with friends on all Sporcle quizzes.
OR
Log In

Show Comments

Extras

Top Quizzes Today


Score Distribution

Your Account Isn't Verified!

In order to create a playlist on Sporcle, you need to verify the email address you used during registration. Go to your Sporcle Settings to finish the process.

Report this User

Report this user for behavior that violates our Community Guidelines.

Details: